| 000 | 01404nam a2200337 a 4500 | ||
|---|---|---|---|
| 001 | ebr10492649 | ||
| 003 | CaPaEBR | ||
| 006 | m u | ||
| 007 | cr cn||||||||| | ||
| 008 | 880412s1983 ne a sb 100 0 eng d | ||
| 010 | _z 88129818 | ||
| 020 | _z9027227233 | ||
| 020 | _z9789027227232 | ||
| 020 | _z9789027282507 (e-book) | ||
| 040 |
_aCaPaEBR _cCaPaEBR |
||
| 035 | _a(OCoLC)752487025 | ||
| 050 | 1 | 4 |
_aPD361 _b.G76 1983eb |
| 111 | 2 |
_aGroningen Grammar Talks _n(3rd : _d1981) |
|
| 245 | 1 | 0 |
_aOn the formal syntax of the Westgermania _h[electronic resource] : _bpapers from the "3rd Groningen Grammar Talks," Groningen, January 1981 / _cedited by Werner Abraham. |
| 260 |
_aAmsterdam ; _aPhiladelphia : _bJohn Benjamins Pub. Co., _c1983. |
||
| 300 |
_a242 p. : _bill. |
||
| 490 | 1 |
_aLinguistik aktuell (LA), _x0166-0829 ; _vBd. 3 |
|
| 504 | _aIncludes bibliographical references. | ||
| 533 |
_aElectronic reproduction. _bPalo Alto, Calif. : _cebrary, _d2011. _nAvailable via World Wide Web. _nAccess may be limited to ebrary affiliated libraries. |
||
| 650 | 0 |
_aGermanic languages _xSyntax _vCongresses. |
|
| 655 | 7 |
_aElectronic books. _2local |
|
| 700 | 1 | _aAbraham, Werner. | |
| 710 | 2 | _aebrary, Inc. | |
| 830 | 0 |
_aLinguistik aktuell ; _vBd. 3. |
|
| 856 | 4 | 0 |
_uhttp://site.ebrary.com/lib/rucke/Doc?id=10492649 _zAn electronic book accessible through the World Wide Web; click to view |
| 999 |
_c125940 _d125940 |
||